[Event "DEM U10w 2025"]
[Site "Willingen GER"]
[Date "2025.06.08"]
[Round "1"]
[White "Richter Assencio, Victoria"]
[Black "Schaper, Alicia"]
[Result "0-1"]
[Termination "normal"]
[Board "13"]
[WhiteElo "955"]
[BlackElo "1473"]
[WhiteClock "01:10:46"]
[BlackClock "00:36:30"]
[PlyCount "110"]
[WhiteFideId "533043620"]
[BlackFideId "533012091"]
[EventCountry "GER"]
[EventRounds "9"]
[EventType "swiss"]
[EventDate "2025.06.07"]

1. e4 {[%clk 01:30:53]} {[%emt 00:00:07]} c5 {[%clk 01:30:54]} {[%emt
00:00:07]} 2. Nf3 {[%clk 01:31:02]} {[%emt 00:00:21]} d6 {[%clk 01:31:16]}
{[%emt 00:00:08]} 3. d4 {[%clk 01:31:02]} {[%emt 00:00:30]} cxd4 {[%clk
01:31:37]} {[%emt 00:00:08]} 4. Nxd4 {[%clk 01:30:38]} {[%emt 00:00:54]} Nf6
{[%clk 01:31:48]} {[%emt 00:00:18]} 5. Nc3 {[%clk 01:30:57]} {[%emt 00:00:11]}
a6 {[%clk 01:31:58]} {[%emt 00:00:20]} 6. a4 {[%clk 01:30:58]} {[%emt
00:00:29]} e6 {[%clk 01:31:54]} {[%emt 00:00:34]} 7. Bg5 {[%clk 01:30:56]}
{[%emt 00:00:32]} Be7 {[%clk 01:31:36]} {[%emt 00:00:49]} 8. f4 {[%clk
01:26:44]} {[%emt 00:04:42]} Nbd7 {[%clk 01:29:10]} {[%emt 00:02:55]} 9. Be2
{[%clk 01:26:10]} {[%emt 00:01:04]} Qc7 {[%clk 01:27:18]} {[%emt 00:02:23]} 10.
Bh5 {[%clk 01:25:57]} {[%emt 00:00:44]} O-O {[%clk 01:24:48]} {[%emt 00:03:00]}
11. Qe2 {[%clk 01:20:34]} {[%emt 00:05:52]} h6 {[%clk 01:24:05]} {[%emt
00:01:12]} 12. Bh4 {[%clk 01:19:31]} {[%emt 00:01:34]} Qc5 {[%clk 01:18:24]}
{[%emt 00:06:10]} 13. O-O-O {[%clk 01:16:49]} {[%emt 00:03:11]} Qxh5 {[%clk
01:13:01]} {[%emt 00:05:53]} 14. Qxh5 {[%clk 01:17:00]} {[%emt 00:00:20]} Nxh5
{[%clk 01:13:06]} {[%emt 00:00:23]} 15. Bxe7 {[%clk 01:17:25]} {[%emt
00:00:07]} Re8 {[%clk 01:12:36]} {[%emt 00:01:00]} 16. Bxd6 {[%clk 01:17:41]}
{[%emt 00:00:14]} Nxf4 {[%clk 01:10:27]} {[%emt 00:02:38]} 17. Bxf4 {[%clk
01:17:49]} {[%emt 00:00:22]} e5 {[%clk 01:10:37]} {[%emt 00:00:21]} 18. Bxe5
{[%clk 01:18:16]} {[%emt 00:00:03]} Nxe5 {[%clk 01:10:07]} {[%emt 00:01:00]}
19. Nd5 {[%clk 01:17:53]} {[%emt 00:00:53]} Rb8 {[%clk 01:07:53]} {[%emt
00:02:43]} 20. Rde1 {[%clk 01:17:12]} {[%emt 00:01:11]} Ng4 {[%clk 01:05:49]}
{[%emt 00:02:34]} 21. Re2 {[%clk 01:15:04]} {[%emt 00:02:38]} Rd8 {[%clk
01:00:24]} {[%emt 00:05:55]} 22. h3 {[%clk 01:14:57]} {[%emt 00:00:38]} Ne5
{[%clk 00:58:36]} {[%emt 00:02:18]} 23. Rd1 {[%clk 01:15:03]} {[%emt 00:00:24]}
Kh8 {[%clk 00:55:14]} {[%emt 00:03:52]} 24. Rf1 {[%clk 01:10:26]} {[%emt
00:05:07]} f6 {[%clk 00:54:19]} {[%emt 00:01:24]} 25. b3 {[%clk 01:09:08]}
{[%emt 00:01:49]} b5 {[%clk 00:52:23]} {[%emt 00:02:26]} 26. Rf5 {[%clk
01:09:22]} {[%emt 00:00:16]} Bxf5 {[%clk 00:52:13]} {[%emt 00:00:40]} 27. exf5
{[%clk 01:09:34]} {[%emt 00:00:17]} Rxd5 {[%clk 00:52:22]} {[%emt 00:00:21]}
28. Ne6 {[%clk 01:08:03]} {[%emt 00:02:01]} bxa4 {[%clk 00:51:09]} {[%emt
00:01:43]} 29. bxa4 {[%clk 01:07:47]} {[%emt 00:00:46]} Rc8 {[%clk 00:49:47]}
{[%emt 00:01:52]} 30. Re3 {[%clk 01:08:10]} {[%emt 00:00:07]} Nd3+ {[%clk
00:49:16]} {[%emt 00:01:01]} 31. Kb1 {[%clk 01:07:58]} {[%emt 00:00:42]} Rb8+
{[%clk 00:48:49]} {[%emt 00:00:57]} 32. Ka2 {[%clk 01:08:25]} {[%emt 00:00:03]}
Nb4+ {[%clk 00:47:45]} {[%emt 00:01:34]} 33. Kb3 {[%clk 01:08:40]} {[%emt
00:00:15]} Nc6+ {[%clk 00:45:35]} {[%emt 00:02:39]} 34. Kc4 {[%clk 01:08:28]}
{[%emt 00:00:42]} Rxf5 {[%clk 00:44:50]} {[%emt 00:01:15]} 35. g4 {[%clk
01:08:14]} {[%emt 00:00:45]} Ra5 {[%clk 00:41:34]} {[%emt 00:03:46]} 36. Ra3
{[%clk 01:08:00]} {[%emt 00:00:44]} Rb4+ {[%clk 00:41:11]} {[%emt 00:00:53]}
37. Kc3 {[%clk 01:08:03]} {[%emt 00:00:27]} Re5 {[%clk 00:40:32]} {[%emt
00:01:08]} 38. Nd8 {[%clk 01:08:09]} {[%emt 00:00:25]} Rc5+ {[%clk 00:39:34]}
{[%emt 00:01:28]} 39. Kd3 {[%clk 01:07:53]} {[%emt 00:00:45]} Rd4+ {[%clk
00:39:13]} {[%emt 00:00:52]} 40. Ke3 {[%clk 01:08:19]} {[%emt 00:00:04]} Rxd8
{[%clk 00:38:34]} {[%emt 00:01:09]} 41. Kf4 {[%clk 01:07:55]} {[%emt 00:00:55]}
Rd4+ {[%clk 00:37:59]} {[%emt 00:01:05]} 42. Kg3 {[%clk 01:08:13]} {[%emt
00:00:11]} Ne5 {[%clk 00:37:04]} {[%emt 00:01:26]} 43. Re3 {[%clk 01:08:26]}
{[%emt 00:00:17]} Rxc2 {[%clk 00:36:16]} {[%emt 00:01:18]} 44. a5 {[%clk
01:07:51]} {[%emt 00:01:05]} g5 {[%clk 00:35:56]} {[%emt 00:00:50]} 45. h4
{[%clk 01:07:40]} {[%emt 00:00:41]} Rxg4+ {[%clk 00:35:35]} {[%emt 00:00:50]}
46. Kh3 {[%clk 01:08:02]} {[%emt 00:01:17]} Rc1 {[%clk 00:36:10]} {[%emt
00:01:46]} 47. Rxe5 {[%clk 01:08:20]} {[%emt 00:00:12]} Rxh4+ {[%clk 00:36:05]}
{[%emt 00:00:36]} 48. Kg3 {[%clk 01:08:42]} {[%emt 00:00:08]} fxe5 {[%clk
00:36:05]} {[%emt 00:00:30]} 49. Kf3 {[%clk 01:08:44]} {[%emt 00:00:28]} Re1
{[%clk 00:36:11]} {[%emt 00:00:24]} 50. Kf2 {[%clk 01:09:02]} {[%emt 00:00:12]}
Ree4 {[%clk 00:36:18]} {[%emt 00:00:22]} 51. Kg1 {[%clk 01:09:16]} {[%emt
00:00:16]} Ra4 {[%clk 00:36:16]} {[%emt 00:00:33]} 52. Kg2 {[%clk 01:09:37]}
{[%emt 00:00:09]} Ra3 {[%clk 00:36:18]} {[%emt 00:00:28]} 53. Kg1 {[%clk
01:09:59]} {[%emt 00:00:08]} Rb4 {[%clk 00:36:30]} {[%emt 00:00:18]} 54. Kf1
{[%clk 01:10:24]} {[%emt 00:00:05]} Rb2 {[%clk 00:36:48]} {[%emt 00:00:12]} 55.
Ke1 {[%clk 01:10:46]} {[%emt 00:00:07]} Ra1# {[%clk 00:36:30]} {[%emt
00:00:16]} 0-1

[Event "DEM U10w 2025"]
[Site "Willingen GER"]
[Date "2025.06.08"]
[Round "1"]
[White "Rose, Malina Rita"]
[Black "Winkler, Helena"]
[Result "1/2-1/2"]
[Termination "normal"]
[Board "14"]
[WhiteElo "1549"]
[BlackElo "953"]
[WhiteClock "00:33:36"]
[BlackClock "01:32:09"]
[PlyCount "59"]
[WhiteFideId "34665749"]
[BlackFideId "533018847"]
[EventCountry "GER"]
[EventRounds "9"]
[EventType "swiss"]
[EventDate "2025.06.07"]

1. e4 {[%clk 01:30:58]} {[%emt 00:00:02]} e5 {[%clk 01:30:56]} {[%emt
00:00:05]} 2. Nf3 {[%clk 01:31:22]} {[%emt 00:00:05]} Nf6 {[%clk 01:31:17]}
{[%emt 00:00:08]} 3. Nxe5 {[%clk 01:31:41]} {[%emt 00:00:10]} d6 {[%clk
01:31:31]} {[%emt 00:00:17]} 4. Nf3 {[%clk 01:31:40]} {[%emt 00:00:31]} Nxe4
{[%clk 01:31:54]} {[%emt 00:00:08]} 5. d4 {[%clk 01:31:47]} {[%emt 00:00:23]}
d5 {[%clk 01:32:12]} {[%emt 00:00:12]} 6. Bd3 {[%clk 01:31:57]} {[%emt
00:00:19]} Nf6 {[%clk 01:32:27]} {[%emt 00:00:14]} 7. O-O {[%clk 01:32:08]}
{[%emt 00:00:19]} Be7 {[%clk 01:32:44]} {[%emt 00:00:13]} 8. Nc3 {[%clk
01:31:52]} {[%emt 00:00:46]} O-O {[%clk 01:33:06]} {[%emt 00:00:08]} 9. h3
{[%emt 00:00:48]} Nc6 {[%clk 01:33:26]} 10. Bf4 {[%clk 01:31:42]} {[%emt
00:00:29]} Bd6 {[%clk 01:33:43]} {[%emt 00:00:15]} 11. Nxd5 {[%clk 01:30:38]}
{[%emt 00:01:34]} Nxd5 {[%clk 01:33:17]} {[%emt 00:00:55]} 12. Bd2 {[%clk
01:20:13]} {[%emt 00:10:56]} Nf6 {[%clk 01:32:28]} {[%emt 00:01:19]} 13. Bg5
{[%clk 01:19:12]} {[%emt 00:01:31]} h6 {[%clk 01:32:38]} {[%emt 00:00:21]} 14.
Be3 {[%clk 01:16:13]} {[%emt 00:03:28]} Be6 {[%clk 01:32:30]} {[%emt 00:00:38]}
15. c4 {[%clk 01:14:58]} {[%emt 00:01:45]} Na5 {[%clk 01:32:13]} {[%emt
00:00:47]} 16. d5 {[%clk 01:13:22]} {[%emt 00:02:07]} Bd7 {[%clk 01:32:26]}
{[%emt 00:00:16]} 17. c5 {[%clk 01:12:15]} {[%emt 00:01:38]} Be7 {[%clk
01:32:45]} {[%emt 00:00:10]} 18. b4 {[%clk 01:12:23]} {[%emt 00:00:23]} Nxd5
{[%clk 01:32:46]} {[%emt 00:00:28]} 19. bxa5 {[%clk 01:12:15]} {[%emt
00:00:40]} Nxe3 {[%clk 01:32:20]} {[%emt 00:00:56]} 20. fxe3 {[%clk 01:12:33]}
{[%emt 00:00:11]} Bxc5 {[%clk 01:32:36]} {[%emt 00:00:13]} 21. Qd2 {[%clk
01:09:33]} {[%emt 00:03:30]} Re8 {[%clk 01:32:51]} {[%emt 00:00:15]} 22. Kh1
{[%clk 01:04:00]} {[%emt 00:06:04]} Bxe3 {[%clk 01:32:52]} {[%emt 00:00:29]}
23. Qb2 {[%clk 01:03:20]} {[%emt 00:01:10]} Rb8 {[%clk 01:32:28]} {[%emt
00:00:55]} 24. Ne5 {[%clk 00:57:37]} {[%emt 00:06:13]} Be6 {[%clk 01:32:08]}
{[%emt 00:00:49]} 25. Qe2 {[%clk 00:53:58]} {[%emt 00:04:10]} Bd4 {[%clk
01:32:11]} {[%emt 00:00:27]} 26. Rad1 {[%clk 00:45:53]} {[%emt 00:08:35]} Bxa2
{[%clk 01:32:10]} {[%emt 00:00:31]} 27. Qxa2 {[%clk 00:46:00]} {[%emt
00:00:23]} Rxe5 {[%clk 01:31:59]} {[%emt 00:00:40]} 28. Qxf7+ {[%clk 00:46:08]}
{[%emt 00:00:22]} Kh8 {[%clk 01:32:17]} {[%emt 00:00:12]} 29. Qg6 {[%clk
00:44:54]} {[%emt 00:01:42]} Qg8 {[%clk 01:32:09]} {[%emt 00:00:37]} 30. Bf5
{[%clk 00:33:36]} {[%emt 00:11:49]} 1/2-1/2

[Event "DEM U10w 2025"]
[Site "Willingen GER"]
[Date "2025.06.08"]
[Round "1"]
[White "He, Siqi"]
[Black "Bräutigam, Viktoria"]
[Result "0-1"]
[Termination "normal"]
[Board "15"]
[WhiteElo "952"]
[BlackElo "1569"]
[WhiteClock "01:16:51"]
[BlackClock "01:15:06"]
[PlyCount "100"]
[WhiteFideId "34682708"]
[BlackFideId "34638652"]
[EventCountry "GER"]
[EventRounds "9"]
[EventType "swiss"]
[EventDate "2025.06.07"]

1. e4 {[%clk 01:30:58]} {[%emt 00:00:01]} c5 {[%clk 01:30:53]} {[%emt
00:00:07]} 2. d4 {[%clk 01:31:22]} {[%emt 00:00:07]} cxd4 {[%clk 01:31:08]}
{[%emt 00:00:15]} 3. Qxd4 {[%clk 01:31:47]} {[%emt 00:00:04]} Nc6 {[%clk
01:31:19]} {[%emt 00:00:19]} 4. Qd3 {[%clk 01:32:06]} {[%emt 00:00:11]} Nf6
{[%clk 01:31:12]} {[%emt 00:00:38]} 5. Nc3 {[%clk 01:32:30]} {[%emt 00:00:07]}
e5 {[%clk 01:31:19]} {[%emt 00:00:22]} 6. Nf3 {[%clk 01:32:42]} {[%emt
00:00:17]} Bc5 {[%clk 01:31:28]} {[%emt 00:00:21]} 7. Bd2 {[%clk 01:32:36]}
{[%emt 00:00:36]} O-O {[%clk 01:31:47]} {[%emt 00:00:11]} 8. a3 {[%clk
01:31:54]} {[%emt 00:01:13]} d6 {[%clk 01:31:41]} {[%emt 00:00:36]} 9. b4
{[%clk 01:32:13]} {[%emt 00:00:11]} Bb6 {[%clk 01:32:01]} {[%emt 00:00:09]} 10.
Nd5 {[%clk 01:32:10]} {[%emt 00:00:34]} Nxd5 {[%clk 01:31:19]} {[%emt
00:01:11]} 11. exd5 {[%clk 01:31:59]} {[%emt 00:00:40]} Nd4 {[%clk 01:31:32]}
{[%emt 00:00:18]} 12. Nxd4 {[%clk 01:32:15]} {[%emt 00:00:13]} Bxd4 {[%clk
01:31:48]} {[%emt 00:00:14]} 13. c3 {[%clk 01:32:25]} {[%emt 00:00:22]} Bb6
{[%clk 01:31:36]} {[%emt 00:00:41]} 14. Qg3 {[%clk 01:32:36]} {[%emt 00:00:18]}
Bf5 {[%clk 01:31:21]} {[%emt 00:00:47]} 15. Bh6 {[%clk 01:31:57]} {[%emt
00:01:08]} Bg6 {[%clk 01:31:39]} {[%emt 00:00:13]} 16. Bd2 {[%clk 01:31:42]}
{[%emt 00:00:45]} Qf6 {[%clk 01:30:59]} {[%emt 00:01:10]} 17. Be2 {[%clk
01:31:35]} {[%emt 00:00:37]} Rac8 {[%clk 01:28:56]} {[%emt 00:02:34]} 18. Bg4
{[%clk 01:31:31]} {[%emt 00:00:30]} Rc7 {[%clk 01:28:41]} {[%emt 00:00:51]} 19.
O-O {[%clk 01:31:39]} {[%emt 00:00:21]} Bf5 {[%clk 01:26:07]} {[%emt 00:03:04]}
20. Bxf5 {[%clk 01:30:23]} {[%emt 00:01:46]} Qxf5 {[%clk 01:26:24]} {[%emt
00:00:13]} 21. a4 {[%clk 01:30:19]} {[%emt 00:00:35]} a6 {[%clk 01:26:26]}
{[%emt 00:00:27]} 22. Bh6 {[%clk 01:28:50]} {[%emt 00:01:57]} f6 {[%clk
01:25:05]} {[%emt 00:01:53]} 23. a5 {[%clk 01:28:40]} {[%emt 00:00:40]} Ba7
{[%clk 01:25:30]} {[%emt 00:00:05]} 24. c4 {[%clk 01:28:50]} {[%emt 00:00:20]}
Bd4 {[%clk 01:24:41]} {[%emt 00:01:19]} 25. Rac1 {[%clk 01:28:11]} {[%emt
00:01:08]} Qh5 {[%clk 01:24:20]} {[%emt 00:00:51]} 26. Be3 {[%clk 01:27:49]}
{[%emt 00:00:50]} Bxe3 {[%clk 01:23:21]} {[%emt 00:01:31]} 27. Qxe3 {[%emt
00:00:13]} Rfc8 {[%clk 01:22:14]} {[%emt 00:01:34]} 28. c5 {[%clk 01:27:35]}
{[%emt 00:01:05]} Rd7 {[%clk 01:20:49]} {[%emt 00:01:55]} 29. cxd6 {[%clk
01:27:45]} {[%emt 00:00:20]} Rxc1 {[%clk 01:20:51]} {[%emt 00:00:28]} 30. Rxc1
{[%clk 01:28:07]} {[%emt 00:00:08]} Rxd6 {[%clk 01:21:04]} {[%emt 00:00:17]}
31. Rc8+ {[%clk 01:28:30]} {[%emt 00:00:07]} Kf7 {[%clk 01:21:09]} {[%emt
00:00:25]} 32. Rc7+ {[%clk 01:28:29]} {[%emt 00:00:32]} Kg6 {[%clk 01:21:24]}
{[%emt 00:00:14]} 33. g3 {[%clk 01:27:46]} {[%emt 00:01:13]} Qd1+ {[%clk
01:21:08]} {[%emt 00:00:46]} 34. Kg2 {[%clk 01:28:04]} {[%emt 00:00:09]} Qxd5+
{[%clk 01:21:27]} {[%emt 00:00:14]} 35. f3 {[%clk 01:28:04]} {[%emt 00:00:29]}
Rd7 {[%clk 01:21:14]} {[%emt 00:00:43]} 36. Rc5 {[%clk 01:27:25]} {[%emt
00:01:08]} Qa2+ {[%clk 01:20:54]} {[%emt 00:00:51]} 37. Kh3 {[%clk 01:27:33]}
{[%emt 00:00:22]} Qe6+ {[%clk 01:20:32]} {[%emt 00:00:51]} 38. g4 {[%clk
01:27:59]} {[%emt 00:02:33]} Rd4 {[%clk 01:22:18]} {[%emt 00:00:37]} 39. b5
{[%clk 01:23:32]} {[%emt 00:04:56]} Qd6 {[%clk 01:21:40]} {[%emt 00:01:09]} 40.
Qc3 {[%clk 01:21:54]} {[%emt 00:02:09]} Rd3 {[%clk 01:19:26]} {[%emt 00:02:44]}
41. Qc2 {[%clk 01:19:00]} {[%emt 00:03:23]} Kh6 {[%clk 01:18:55]} {[%emt
00:01:00]} 42. Qc1+ {[%clk 01:19:02]} {[%emt 00:00:29]} g5 {[%clk 01:18:56]}
{[%emt 00:00:28]} 43. Kg3 {[%clk 01:19:01]} {[%emt 00:00:29]} e4+ {[%clk
01:18:54]} {[%emt 00:00:35]} 44. Kf2 {[%clk 01:17:57]} {[%emt 00:01:34]} Qxh2+
{[%clk 01:18:55]} {[%emt 00:00:29]} 45. Kf1 {[%clk 01:17:40]} {[%emt 00:00:42]}
Qh1+ {[%clk 01:18:20]} {[%emt 00:01:10]} 46. Ke2 {[%clk 01:17:55]} {[%emt
00:00:13]} Qxf3+ {[%clk 01:18:23]} {[%emt 00:00:29]} 47. Ke1 {[%clk 01:17:44]}
{[%emt 00:00:42]} Qxg4 {[%clk 01:16:28]} {[%emt 00:02:23]} 48. bxa6 {[%clk
01:16:58]} {[%emt 00:01:16]} bxa6 {[%clk 01:15:33]} {[%emt 00:01:28]} 49. Qb2
{[%clk 01:16:48]} {[%emt 00:00:38]} Rd1+ {[%clk 01:14:50]} {[%emt 00:01:13]}
50. Kf2 {[%clk 01:16:51]} {[%emt 00:00:27]} Qf3# {[%clk 01:15:06]} {[%emt
00:00:14]} 0-1

[Event "DEM U10w 2025"]
[Site "Willingen GER"]
[Date "2025.06.08"]
[Round "1"]
[White "Kotliarova, Emily"]
[Black "Bacakova, Johanna"]
[Result "1/2-1/2"]
[Termination "normal"]
[Board "16"]
[WhiteElo "1480"]
[BlackElo "1444"]
[WhiteClock "00:20:57"]
[BlackClock "00:20:22"]
[PlyCount "55"]
[WhiteFideId "34694390"]
[BlackFideId "533006849"]
[EventCountry "GER"]
[EventRounds "9"]
[EventType "swiss"]
[EventDate "2025.06.07"]

1. e4 {[%clk 01:30:57]} {[%emt 00:00:02]} c5 {[%clk 01:30:53]} {[%emt
00:00:07]} 2. Nf3 {[%clk 01:31:20]} {[%emt 00:00:07]} e6 {[%clk 01:31:07]}
{[%emt 00:00:16]} 3. c3 {[%clk 01:31:44]} {[%emt 00:00:07]} d5 {[%clk
01:29:47]} {[%emt 00:01:49]} 4. e5 {[%clk 01:29:55]} {[%emt 00:02:18]} a6
{[%clk 01:29:23]} {[%emt 00:00:55]} 5. d4 {[%clk 01:29:13]} {[%emt 00:01:12]}
cxd4 {[%clk 01:29:36]} {[%emt 00:00:18]} 6. cxd4 {[%clk 01:29:30]} {[%emt
00:00:13]} Bb4+ {[%clk 01:26:29]} {[%emt 00:03:37]} 7. Bd2 {[%clk 01:25:22]}
{[%emt 00:04:37]} Bxd2+ {[%clk 01:26:33]} {[%emt 00:00:25]} 8. Qxd2 {[%clk
01:24:25]} {[%emt 00:01:28]} h6 {[%clk 01:24:06]} {[%emt 00:02:58]} 9. Be2
{[%clk 01:23:09]} {[%emt 00:01:46]} Ne7 {[%clk 01:23:48]} {[%emt 00:00:47]} 10.
O-O {[%clk 01:22:56]} {[%emt 00:00:43]} O-O {[%clk 01:24:00]} {[%emt 00:00:19]}
11. Nc3 {[%clk 01:20:25]} {[%emt 00:03:01]} Nbc6 {[%clk 01:22:38]} {[%emt
00:01:51]} 12. Bd3 {[%clk 01:17:14]} {[%emt 00:03:41]} f6 {[%clk 01:17:00]}
{[%emt 00:06:08]} 13. Ne2 {[%clk 00:59:15]} {[%emt 00:18:29]} Qe8 {[%clk
01:13:47]} {[%emt 00:03:42]} 14. Bc2 {[%clk 00:47:50]} {[%emt 00:11:56]} f5
{[%clk 01:08:04]} {[%emt 00:06:13]} 15. h4 {[%clk 00:40:16]} {[%emt 00:08:03]}
Qh5 {[%clk 01:03:00]} {[%emt 00:05:34]} 16. Nf4 {[%clk 00:34:03]} {[%emt
00:06:43]} Qf7 {[%clk 00:59:08]} {[%emt 00:04:22]} 17. h5 {[%clk 00:32:58]}
{[%emt 00:01:36]} Qe8 {[%clk 00:51:27]} {[%emt 00:08:10]} 18. Nh4 {[%clk
00:31:19]} {[%emt 00:02:09]} Bd7 {[%clk 00:36:46]} {[%emt 00:15:11]} 19. Nhg6
{[%clk 00:28:51]} {[%emt 00:02:58]} Nxg6 {[%clk 00:36:36]} {[%emt 00:00:39]}
20. Nxg6 {[%clk 00:28:56]} {[%emt 00:00:26]} Rf7 {[%clk 00:33:40]} {[%emt
00:03:25]} 21. Rad1 {[%clk 00:27:28]} {[%emt 00:01:59]} Ne7 {[%clk 00:31:49]}
{[%emt 00:02:21]} 22. Qe3 {[%clk 00:25:27]} {[%emt 00:02:31]} Nxg6 {[%clk
00:27:51]} {[%emt 00:04:28]} 23. hxg6 {[%clk 00:25:52]} {[%emt 00:00:06]} Rf8
{[%clk 00:26:09]} {[%emt 00:02:11]} 24. Qg3 {[%clk 00:26:16]} {[%emt 00:00:07]}
Qe7 {[%clk 00:24:05]} {[%emt 00:02:34]} 25. Kh2 {[%clk 00:25:39]} {[%emt
00:01:06]} Qg5 {[%clk 00:22:11]} {[%emt 00:02:25]} 26. Qxg5 {[%clk 00:24:21]}
{[%emt 00:01:48]} hxg5 {[%clk 00:22:23]} {[%emt 00:00:18]} 27. g4 {[%clk
00:21:42]} {[%emt 00:03:09]} Rac8 {[%clk 00:20:22]} {[%emt 00:02:31]} 28. Rc1
{[%clk 00:20:57]} {[%emt 00:01:15]} 1/2-1/2